00732nam a22002177a 4500003000500000005001700005008004100022010000900063011000900072035000900081040000900090100001600099245010400115260007300219300001900292490006700311500001100378650002800389650003000417830006700447CHAP20220329133341.0971013s1988 r 00010 d a5293 a6265 a5485 cCHAP00aMecella, G. aLand classification for farm managementb: an example using the U.S.B.R. land classification system aRoma :bInstituto Sperimentale per la Nutrizione Delle Piante,c1988 a61 p.b: ilus. aSup. Annali Inst. Sperimentale per la Nutrizione Delle, Piante a56-24914aEmpresas agropecuarias.14aTierrasxClasificación.0 aSup. Annali Inst. Sperimentale per la Nutrizione Delle, Piante